000 00665nam a22002297a 4500
003 UA-OsUOA
001 47404
007 ta
008 20070720b un ||||| |||| 00| 0 ukr d
090 _a81"374.2-111
_bА64
942 _cBK
040 _aUA-OsUOA
_bukr
_cUA-OsUOA
_dUA-OsUOA
245 _aАнгло-український словник
300 _a432 с.
955 _a2
041 _aukr
080 _a81"374.2-111
020 _a5-333-01184-1
260 _aК.
_bРадянська школа
_c1991
650 7 _a8 Мовознавство. Художня література. Літературознавство
_2UDC
999 _c333502
_d333502